Normal view MARC view
  • General

Entry Topical Term

Number of records used in: 1

001 - CONTROL NUMBER

  • control field: 65950

003 - CONTROL NUMBER IDENTIFIER

  • control field: OSt

005 - DATE AND TIME OF LATEST TRANSACTION

  • control field: 20220806111019.0

008 - FIXED-LENGTH DATA ELEMENTS

  • fixed length control field: 220806|| aca||aabn | a|a d

040 ## - CATALOGING SOURCE

  • Original cataloging agency: OSt
  • Transcribing agency: OSt

150 ## - HEADING--TOPICAL TERM

  • Topical term or geographic name entry element: General

670 ## - SOURCE DATA FOUND

  • Source citation: Work cat.: (OSt)37300: गिरी दे.आणि इतर 65949, नेट सेट व जे.आर.एफ.परीक्षा मराठी पेपर क्रमांक ३, 2014